LEADER 01073cam--2200337---450 001 990005937780203316 005 20220310090509.0 010 $a978-88-581-1045-4 035 $a000593778 035 $aUSA01000593778 035 $a(ALEPH)000593778USA01 035 $a000593778 100 $a20140318d2014----km-y0itay50------ba 101 0 $aita 102 $aIT 105 $aa---||||001yy 200 1 $aDue colpi di pistola, dieci milioni di morti, la fine di un mondo$estoria illustrata della Grande Guerra$fEmilio Gentile 210 $aRoma$aBari$cLaterza$d2014 215 $aXI, 226 p.$cill.$d21 cm 225 2 $a<> Robinson$iLetture 410 0$12001$a<> Robinson$iLetture 606 0 $aGuerra Mondiale 1914-1918$xStoria$2BNCF 676 $a940.3 700 1$aGENTILE,$bEmilio <1946- >$0142442 801 0$aIT$bsalbc$gISBD 912 $a990005937780203316 951 $aX.3.B. 7125$b244359 L.M.$cX.3.B.$d00353355 959 $aBK 969 $aUMA 996 $aDue colpi di pistola, dieci milioni di morti, la fine di un mondo$9256552 997 $aUNISA LEADER 01773nam 2200433Ia 450 001 9910697543003321 005 20080922095111.0 035 $a(CKB)5470000002389523 035 $a(OCoLC)255552083 035 $a(EXLCZ)995470000002389523 100 $a20080922d2004 ua 0 101 0 $aeng 181 $ctxt$2rdacontent 182 $cc$2rdamedia 183 $acr$2rdacarrier 200 10$aWithdrawals, water levels, and specific conductance in the Chicot aquifer system in southwestern Louisiana, 2000-03$b[electronic resource] /$fby John K. Lovelace, Jared W. Fontenot, and C. Paul Frederick ; in cooperation with Louisiana State University Agricultural Center Cooperative Extension Service and the Louisiana Rice Research Board 210 1$aReston, Va. :$cU.S. Dept. of the Interior, U.S. Geological Survey,$d2004. 215 $aiv, 56 pages $cdigital, PDF file 225 1 $aScientific investigations report ;$v2004-5212 300 $aTitle from PDF t.p. (viewed on Sept. 22, 2008). 606 $aWater withdrawals$zLouisiana 606 $aWater levels$zLouisiana 606 $aSaltwater encroachment$zLouisiana 615 0$aWater withdrawals 615 0$aWater levels 615 0$aSaltwater encroachment 700 $aLovelace$b John K$01372042 701 $aFontenot$b Jared W$01409235 701 $aFrederick$b C. Paul$01409236 712 02$aLouisiana Cooperative Extension Service. 712 02$aLouisiana Rice Research Board. 712 02$aGeological Survey (U.S.) 801 0$bGPO 801 1$bGPO 801 2$bGPO 906 $aBOOK 912 $a9910697543003321 996 $aWithdrawals, water levels, and specific conductance in the Chicot aquifer system in southwestern Louisiana, 2000-03$93548967 997 $aUNINA